Statistiques concernant Les aliments marrons par images

Cliquez ici pour prendre le quiz!

Statistiques générales

  • Ce quiz a été pris 541 fois
  • Le résultat moyen est 18 sur 20

Statistiques - réponses

Réponse% Correct
Chocolat
100%
Cookies
98%
Crabe
98%
Pain
98%
Cèpes
97%
Café
96%
Caramel
96%
Gousse de vanille
96%
Noix
96%
Noisette
95%
Sirop d'érable
91%
Cacahouettes
90%
Cannelle
90%
Saucisse
89%
Oursin
85%
Spéculoos
79%
Pain d'épice
73%
Cannelé
71%
Bière
69%
Lentilles
66%

Distribution des résultats

Percentile par nombre de réponses

% des personnes avec chaque résultat

Votre développement - résultats

Vous n’avez pas pris ce quiz